Statistics for Marvel Funko-Pop Characters

Click here to take the quiz!

General Stats

  • This quiz has been taken 114 times
  • The average score is 23 of 44

Answer Stats

HintAnswer% Correct
#478Hulk
99%
#241Hulk
99%
#463Hulk
99%
#580Iron Man
99%
#913Spider-Man
97%
#220Spider-Man
97%
#573Captain America
93%
#464Captain America
93%
#450Captain America
93%
#454Black Widow
86%
#240Thor
86%
#452Thor
86%
#1040Thor
86%
#482Thor
86%
#457Hawkeye
83%
#460Thanos
69%
#274Black Panther
66%
#47Star-Lord
57%
#340Ant-Man
53%
#823Scarlet Witch
53%
#828Scarlet Witch
53%
#435Captain Marvel
47%
#425Captain Marvel
47%
#576Captain Marvel
47%
#970Gamora
47%
#760Falcon
46%
#824The Vision
46%
#714Vision
46%
#341Wasp
40%
#456Nebula
31%
#461War Machine
30%
#761Bucky Barnes
21%
#301She-Hulk
19%
#483Valkyrie
16%
#449Tony Stark
13%
#1083Ms.Marvel
10%
#480Rescue
10%
#445Goose
7%
#465Ronin
7%
#300Iron-Spider
6%
#838Winter Solider
3%
#826Agatha Harkness
1%
#855Wanda Maximoff
1%
#762Zemo
0%

Score Distribution

Percentile by Number Answered

Percent of People with Each Score

Your Score History

You have not taken this quiz